Principles of business Management (Record no. 2233)

MARC details
000 -LEADER
fixed length control field 00397nam a22001697a 4500
005 - DATE AND TIME OF LATEST TRANSACTION
control field 20230112103056.0
008 - FIXED-LENGTH DATA ELEMENTS--GENERAL INFORMATION
fixed length control field 160531b xxu||||| |||| 00| 0 eng d
020 ## - INTERNATIONAL STANDARD BOOK NUMBER
ISBN 81-272-2648-3
041 ## - LANGUAGE CODE
Language code of text/sound track or separate title eng
082 ## - DEWEY DECIMAL CLASSIFICATION NUMBER
Item number 6334
Classification number 658
100 ## - MAIN ENTRY--AUTHOR NAME
Personal name Gupta, R. S. and others
245 ## - TITLE STATEMENT
Title Principles of business Management
260 ## - PUBLICATION, DISTRIBUTION, ETC. (IMPRINT)
Name of publisher Kolyani
300 ## - PHYSICAL DESCRIPTION
Number of Pages 275
650 ## - SUBJECT ADDED ENTRY--TOPICAL TERM
Topical Term Management
942 ## - ADDED ENTRY ELEMENTS (KOHA)
Koha item type Books
Holdings
Lost status Damaged status Collection code Home library Current library Shelving location Date acquired Cost, normal purchase price Full call number Accession Number Koha item type
    MANAGEMENT JRU Library JRU Library SHELF-38-D 31/05/2016 125.00 658 6334 Books
    MANAGEMENT JRU Library JRU Library SHELF-65-H 31/05/2016 125.00 658 6335 Books